ASRTP monážnej prevádzky v elektrotechnických výrobách /

Guardado en:
Detalles Bibliográficos
Autor principal: Trchalová, Libuša (Autor)
Formato: Manuscrito Libro
Publicado: Bratislava : SVŠT v Bratislave SjF, 1984
Etiquetas: Agregar Etiqueta
Sin Etiquetas, Sea el primero en etiquetar este registro!

MARC

LEADER 00000ntm a22000003a 4500
001 stu47865
005 20150617225710.3
008 ------s1984----cs----------------------d
040 |a STU  |b slo 
041 0
044 |a cs 
080 |a 621.757 
080 |a 658.515.011.56 
100 1 |a Trchalová, Libuša  |4 aut 
245 1 |a ASRTP monážnej prevádzky v elektrotechnických výrobách /  |c [aut.] Trchalová,Libuša 
260 |a Bratislava :  |b SVŠT v Bratislave SjF,  |c 1984 
300 |a 139 s 
996 |b J77645  |c J*77645/DIZ.  |l JJSK  |s A  |a 24  |w stu47865_0001